| 000 | 01390cad a22002655a 4500 | ||
|---|---|---|---|
| 001 | E147905 | ||
| 008 | 090630s2009 xxk f l s000 0 eng d | ||
| 035 | _a(Sirsi) u147905 | ||
| 041 | 0 | _aeng | |
| 110 | 2 |
_aScotland _kLaws, etc |
|
| 245 | 0 | 4 |
_aThe Lands Tribunal for Scotland Amendment Rules 2009 _h[electronic resource] |
| 260 |
_aEdinburgh _bScottish Government _c2009 |
||
| 490 | 0 |
_aScottish Statutory Instrument _v2009: 259 |
|
| 520 | _aThese Rules amend the Lands Tribunal for Scotland Rules 2003 to make provision in relation to applications to the Lands Tribunal for Scotland for the variation, discharge or preservation of rules of a development management scheme made under the Title Conditions (Scotland) Act 2003 (Development Management Scheme) Order 2009. | ||
| 520 | _aComes into force 1 July 2009. | ||
| 521 | _aAdvanced | ||
| 590 | _aKA | ||
| 650 | 2 | 4 | _aLANDS TRIBUNAL FOR SCOTLAND RULES 2003 |
| 650 | 2 | 4 | _aLANDS TRIBUNAL FOR SCOTLAND AMENDMENT RULES 2009 |
| 650 | 2 | 4 | _aTITLE CONDITIONS (SCOTLAND) ACT 2003 (DEVELOPMENT MANAGEMENT SCHEME) ORDER 2009 |
| 651 | 4 |
_aScotland _y1999- |
|
| 690 | _aMANAGEMENT-DISPUTE AVOIDANCE, MANAGEMENT AND RESOLUTION-DISPUTE MANAGEMENT AND RESOLUTION-TRIBUNALS | ||
| 856 | 4 | 0 |
_uhttps://www.opsi.gov.uk/legislation/scotland/ssi2009/ssi_20090259_en_1 _zView the statutory instrument free of charge at www.opsi.gov.uk... |
| 942 | _n0 | ||
| 999 |
_c109776 _d109776 |
||